000 01544nam a22001577a 4500
999 _c527667
_d527667
008 240913b ||||| |||| 00| 0 eng d
100 _aPatel, Amit and Kandasamy, S.
_958154
245 _aBeyond tradition: The dynamic reforms of Indian civil services
260 _aBihar Journal of Public Administration
300 _a21(1), Jan-Jun, 2024: p.241-250
520 _aIndia’s civil service has played a crucial role in the country’s governance since independence. In light of globalization, technological advancements, and evolving public expectations, reforms were needed to address the challenges of the changing times. This article examines how dynamic reforms have transformed India’s bureaucratic system by highlighting the significance of these reforms. The article provides a comprehensive overview of key reforms implemented over the years. This paper examines the impact of these reforms on efficiency, transparency, and accountability in the civil service with new public management, ultimately providing insight into what could be accomplished in the future. It examines the innovative reforms undertaken to ensure the relevance and effectiveness of India’s civil services in the 21st century. – Reproduced http://www.iipabiharbranch.org/upload/BJPA_Vol.%20XXI%20No.%201%20Jan-June.%202024.pdf
650 _aIndian civil service, New public management, 21st century reforms, Transparency, Accountability.
_947636
773 _aBihar Journal of Public Administration
906 _aCIVIL SERVICES
942 _cAR